000 01551cam a22003855a 4500
999 _c20377
_d20349
001 13742829
003 EG-ScBUE
005 20210308092336.0
008 041006s2004 enk f b 001 0 eng d
020 _a0582382394 (pbk.)
020 _a9780582382398
040 _aVA@
_beng
_erda
_cVA@
_dDLC
_dEG-ScBUE
043 _ae-uk---
082 0 4 _a820.9145
_bJAR
_222
100 1 _aJarvis, Robin,
_d1956-
_eauthor.
_939296
245 1 4 _aThe romantic period :
_bthe intellectual and cultural context of English literature 1789-1830 /
_cRobin Jarvis.
250 _aFirst edition.
264 1 _aHarlow :
_bPearson Education Limited,
_c2004.
300 _ax, 219 pages ;
_c24 cm.
336 _2rdacontent
_atext
_btxt
337 _2rdamedia
_aunmediated
_bn
338 _2rdacarrier
_avolume
_bnc
490 0 _aLongman literature in English series
504 _aIncludes bibliographical references and index.
650 7 _aEnglish literature
_y19th century
_xHistory and criticism.
_2BUEsh
650 7 _aEnglish literature
_y18th century
_xHistory and criticism.
_2BUEsh
_937269
650 7 _aRomanticism
_zGreat Britain.
_2BUEsh
_937298
650 7 _aLiterature and society
_zGreat Britain
_xHistory
_y19th century.
_2BUEsh
_937296
650 7 _aLiterature and society
_zGreat Britain
_xHistory
_y18th century.
_2BUEsh
_937270
651 7 _aGreat Britain
_xCivilization
_y19th century.
_2BUEsh
651 7 _919779
_aGreat Britain
_xCivilization
_y18th century.
_2BUEsh
653 _cJuly2015
_cFebruary2016
_bHHUUEENN
655 _vReading book
_934232
942 _2ddc
_cBB